| 000 | 00530nam a2200205Ia 4500 | ||
|---|---|---|---|
| 005 | 20240823033036.0 | ||
| 008 | 240823s9999||||xx |||||||||||||| ||und|| | ||
| 020 | _a978-81-239-1830-3 | ||
| 041 | _aENGLISH | ||
| 082 | _A661 Q0 | ||
| 100 | _aHanely N | ||
| 245 | 0 | _aPollution Control in chemical and Allied Industries | |
| 250 | _a1st | ||
| 260 |
_c2010 _b"CBS Publishers and Distributor (P) Ltd,Ch" |
||
| 500 | _aYES | ||
| 650 |
_aPolluction Control _bGeneral |
||
| 700 | _a Bhatia S C | ||
| 942 | _cBK | ||
| 999 |
_c194871 _d194871 |
||